00930nam a22002297a 4500999001700000003000900017008004100026020002200067040007100089082002000160100001500180245001700195260003900212300002500251505014000276650003600416650002000452942001600472945000800488952009900496952010500595  c12551d12551AR-CdUCM190409b           ||||| |||| 00| 0 spa d  a978-970-718-698-9  aMUNICIPALIDAD PROVINCIAL DEL CUSCOcBIBLIOTECA MUNICIPAL DEL CUSCO  aES / 621 /bD99  aDyer, Alan  aEl espacio /  aMéxico :bSilver Dolphin,c2015.  a61 páginasc27 cm.  aContenido :Objetos en el espacio -- Hacia lo desconocido -- El sistema solar -- Estrellas y galaxias -- Nuestro lugar en el espacio ...  aSistema planetario solar926597  aGalaxias918635  2ddccLIBROS  arum  002ddc4070aSIbSIcCHILDd2019-04-09g40.00oES / 621 / D99pSI00001577r2019-04-09yLIBROS  002ddc4070aSIbSIcCHILDd2019-04-09g40.00oES / 621 / D99 / e.2pSI00001578r2019-04-09yLIBROS